01267nabaa22002057a 4500999001500000003000400015005001700019008004100036040000700077100003000084245018700114300001300301505042900314505008900743650003200832650003200864650003400896773011800930942001301048 c6118d6118OSt20260122203343.0190701b xxu||||| |||| 00| 0 spa d cPJ 96884aThomas, Gustavo J. 13aLas IA 3.0 deepfake y las administraciones públicas : csobre la necesidad de regulación de las IA estatales o el riesgo de la “sociedad confianza cero” /bGustavo J. Thomas. ap. 25-35 t aSumario: I. Introducción.— II. Qué es una IA deepfake/deep synthesis.— III. Los riesgos vinculados a su existencia.— IV. Tipos de deepfakes.— V. Control y combate: creación de los SINHAE (órganos electrónicos transhumanos) y su función de policía. Sobre los riesgos de no diferenciar 2.0, 3.0 y 4.0.— VI. Estudio sobre la posible reglamentación de deepfake o deep synthesis.— VII. Conclusión t¿Te interesa el texto completo? Comunicate al correo: koha@justierradelfuego.gov.ar 09211aDERECHO ADMINISTRATIVO 09877aADMINISTRACION PUBLICA 095817aINTELIGENCIA ARTIFICIAL0 0284293251dBuenos Aires : AbeledoPerrot, 2012-oDA121tDerecho administrativo. Nº 147 mayo/junio 2023z18510590 2udccANA